Astrophysics simulations: the consortium for upper-level physics software. (One floppy disc 3.5" included). (Record no. 11604)

MARC details
000 -LEADER
fixed length control field 00692nam a2200217Ia 4500
003 - CONTROL NUMBER IDENTIFIER
control field IN-BaIIA
008 - FIXED-LENGTH DATA ELEMENTS--GENERAL INFORMATION
fixed length control field 211028s9999 xx 000 0 eng d
020 ## - INTERNATIONAL STANDARD BOOK NUMBER
International Standard Book Number 0-471-54879-0
040 ## - CATALOGING SOURCE
Transcribing agency IIA Library
080 ## - UNIVERSAL DECIMAL CLASSIFICATION NUMBER
Universal Decimal Classification number 524:519.682
Item number DAN
100 ## - MAIN ENTRY--PERSONAL NAME
Personal name Danby, J. M. A.,
9 (RLIN) 4232
245 #0 - TITLE STATEMENT
Title Astrophysics simulations: the consortium for upper-level physics software. (One floppy disc 3.5" included).
Statement of responsibility, etc. J. M. A Danby
260 ## - PUBLICATION, DISTRIBUTION, ETC.
Place of publication, distribution, etc. New York
Name of publisher, distributor, etc. John Wiley & Sons
Date of publication, distribution, etc. 1995
300 ## - PHYSICAL DESCRIPTION
Extent xvii,199p.
650 ## - SUBJECT ADDED ENTRY--TOPICAL TERM
Topical term or geographic name entry element Astronomy-Data Processing
9 (RLIN) 12215
650 ## - SUBJECT ADDED ENTRY--TOPICAL TERM
Topical term or geographic name entry element Astrophysics
9 (RLIN) 794
650 ## - SUBJECT ADDED ENTRY--TOPICAL TERM
Topical term or geographic name entry element Computer Simulation
9 (RLIN) 10177
650 ## - SUBJECT ADDED ENTRY--TOPICAL TERM
Topical term or geographic name entry element Simulations
9 (RLIN) 20040
650 ## - SUBJECT ADDED ENTRY--TOPICAL TERM
Topical term or geographic name entry element Software Disc
9 (RLIN) 20041
942 ## - ADDED ENTRY ELEMENTS (KOHA)
Koha item type Books
Holdings
Withdrawn status Lost status Damaged status Not for loan Home library Current library Shelving location Date acquired Source of acquisition Cost, normal purchase price Total Checkouts Full call number Barcode Date last seen Cost, replacement price Price effective from Koha item type Purchase Price
        IIA Library-Bangalore IIA Library-Bangalore General Stacks 13/12/1995 WP 1225.89   524:519.682/ DAN 12519 05/11/2021 1225.89 13/12/1995 Books Rs. 1225.89

Powered by Koha